• 首页
  • 本馆介绍
  • 公告通知
  • 最新文献
  • 馆藏检索
  • 电子资源
  • 读者导购
  • 参考咨询
  • 我的图书馆
  • 登录
  • 详细信息显示
  • 放入我的书架
  • 预约/预借图书
  • 作者相关作品
  • 分类相关作品
  • 丛书相关作品
  • 出版社相关作品

书目信息

  • 表格格式
  • 工作单格式
  • 卡片格式
题名:
漫画失眠
    
 
作者: 贾跃进 , 代启燕 主编 ;闫姁霄 绘图
分册:  
出版信息: 太原   山西科学技术出版社  2020.8
页数: 146页
开本: 21cm
丛书名: 蒲公英中医药与亚健康文化传播工程科普丛书
单 册:
中图分类: R749.7
科图分类:
主题词: 失眠--防治--通俗读物
电子资源:
ISBN: 978-7-5377-5547-4
000 01382nam 2200325 45
001 012001000932
005 20140820105618.0
010    @a978-7-5377-5547-4@dCNY25.00
099    @aCAL 012018093070
100    @a20180720d2017 em y0chiy0110 ea
101 0  @achi
102    @aCN@b140000
105    @aa z 000yy
106    @ar
200 1  @a漫画失眠@Aman hua shi mian@f主编贾跃进, 代启燕@g绘图闫姁霄
210    @a太原@c山西科学技术出版社@d2020.8
215    @a146页@c彩图@d21cm
225 2  @a蒲公英中医药与亚健康文化传播工程科普丛书@Apu gong ying zhong yi yao yu ya jian kang wen hua chuan bo gong cheng ke pu cong shu
300    @a世界中医药学会联合会亚健康专业委员会审定
314    @a贾跃进, 男, 主任医师, 硕士研究生导师。代启燕, 女, 心理治疗师。
330    @a本书以中医贾跃进防治失眠经验为基础,结合代启燕老师的心理调摄经验,采用漫画风格,以讲故事的方式讲述失眠的防治知识。书中不仅有西医对失眠的基本认识,还对失眠的病因从医学和心理学的角度进行分析,对当前各种防治失眠的方法经验也做了介绍。
410  0 @12001 @a蒲公英中医药与亚健康文化传播工程科普丛书
461  0 @12001 @a蒲公英中医药与亚健康文化传播工程科普丛书
606 0  @a失眠@x防治@j通俗读物
690    @aR749.7@v5
701  0 @a贾跃进@Ajia yue jin@4主编
701  0 @a代启燕@Adai qi yan@4主编
702  0 @a闫姁霄@Ayan xu xiao@4绘图
801    @aCN@bAHXH@c20210922
905    @b1250415-9@dR749.7@e325@f5
    
    漫画失眠/主编贾跃进, 代启燕/绘图闫姁霄.-太原:山西科学技术出版社,2020.8
    146页:彩图;21cm.-(蒲公英中医药与亚健康文化传播工程科普丛书)
    世界中医药学会联合会亚健康专业委员会审定
    
    ISBN 978-7-5377-5547-4:CNY25.00
    本书以中医贾跃进防治失眠经验为基础,结合代启燕老师的心理调摄经验,采用漫画风格,以讲故事的方式讲述失眠的防治知识。书中不仅有西医对失眠的基本认识,还对失眠的病因从医学和心理学的角度进行分析,对当前各种防治失眠的方法经验也做了介绍。
●
相关链接 在E读中查询图书 在五车中查询图书 在当当中查询图书 在豆瓣中查询图书


正题名:漫画失眠     索取号:R749.7/325         预约/预借

序号 登录号 条形码 馆藏地/架位号 状态 备注
1 1250415   212504155   第二样本阅览室/ [索取号:R749.7/325] 在馆    
2 1250416   212504164   教育系资料室/ [索取号:R749.7/325] 在馆    
3 1250417   212504173   教育系资料室/ [索取号:R749.7/325] 在馆    
4 1250418   212504182   第三借阅区/ [索取号:R749.7/325] 在馆    
5 1250419   212504191   第三借阅区/ [索取号:R749.7/325] 在馆    
唐山师范学院图书馆 欢迎您!
大连网信软件有限公司© 版权所有